WWE - Tous les Catcheurs Samoans de l'Histoire de la WWE - Statistiques

Statistiques générales
  • Ce quiz a été pris 88 fois
  • Le résultat moyen est 10 sur 24
Statistiques - réponses
Lignée Réponse % Correct
Fatu2009-présent Jey Uso
95%
Fatu2009-présent Jimmy Uso
93%
Anoa'i2010-présent Roman Reigns
93%
Fatu2021-présent Solo Sikoa
90%
Fatu2024-présent Jacob Fatu
83%
Maivia 1996-2004, 2011-2019 The Rock
75%
Fatu 1992-2004, 2012-2014 Rikishi
73%
Fatu2002-2009 Umaga
68%
Snuka2010-présent Tamina
52%
Anoa'i1992-1996 Yokozuna
52%
Maivia2015-présent Nia Jax
47%
Anoa'i1979-1994 Afa
43%
Anoa'i1979-1991 Sika
42%
Autres Samoans indépendants2015-2022 Samoa Joe
32%
Maivia1977-1981 Peter Maivia
22%
Anoa'i1995-2006 Rosey
22%
Maivia2020-2026 Ava
17%
Anoa'i1983-1995 Samu
8%
Snuka2007-2009 Deuce / Sim Snuka
3%
Anoa'i2007-2009 Manu
3%
Fatu1983-1988 Tonga Kid
3%
Autres Samoans indépendants2015-2024 Dakota Kai
2%
Anoa'i2016-2019 Sean Maluta
0%
Autres Samoans indépendants2018-2024 Xyon Quinn
0%
Aucun quiz correspondant
Distribution des résultats
% des personnes avec chaque résultat
Percentile par nombre de réponses
Votre historique - résultats
Vous n’avez pas pris ce quiz